Web-based training for business English and German

Využitie elektronickej komunikácie (internetu) v prostredí profesionálnej výučby cudzích jazykov - angličtiny a nemčiny.

Salvato in:
Dettagli Bibliografici
Autore principale: Lišková, Danuša
Altri autori: Bodnár, Zoltán, 1969-, Némethová, Ildikó, 1974-, Vereská, Oľga, Pospíšilová, Jana, 1950-, Ondrušová, Terézia, 1978-
Natura: Capitolo di libro
Lingua:inglese
Soggetti:
Tags: Aggiungi Tag
Nessun Tag, puoi essere il primo ad aggiungerne!!

MARC

LEADER 00000naa$a2200000$$$4500
001 0069470
005 20240502071835.1
041 0 |a eng 
044 |a SK 
245 1 0 |a Web-based training for business English and German  |c Danuša Lišková, Zoltán Bodnár, Ildikó Némethová, Oľga Vereská, Jana Pospíšilová, Terézia Ondrušová 
520 |a Využitie elektronickej komunikácie (internetu) v prostredí profesionálnej výučby cudzích jazykov - angličtiny a nemčiny. 
610 2 0 |a vzdelávanie elektronické 
610 2 0 |a internet 
610 2 0 |a jazyky cudzie 
610 2 0 |a angličtina 
610 2 0 |a nemčina 
100 1 |a Lišková, Danuša 
700 1 |a Bodnár, Zoltán, 1969- 
700 1 |a Némethová, Ildikó, 1974- 
700 1 |a Vereská, Oľga 
700 1 |a Pospíšilová, Jana, 1950- 
700 1 |a Ondrušová, Terézia, 1978-